Nommez les 96 verbes commençant par un O - 96 verbes - Statistiques

Statistiques générales
  • Ce quiz a été pris 154 fois
  • Le résultat moyen est 18 sur 96
Statistiques - réponses
Réponse % Correct
oublier
73%
ouvrir
68%
omettre
64%
offrir
55%
ordonner
52%
ôter
51%
obéir
50%
obliger
50%
oser
49%
opérer
47%
obtenir
41%
orner
40%
ouïr
40%
outrer
39%
organiser
38%
oblitérer
35%
onduler
33%
ombrer
30%
occulter
29%
ovuler
29%
occasionner
28%
observer
26%
occire
26%
opiner
26%
obtempérer
24%
osciller
23%
obnubiler
22%
ombrager
22%
objecter
21%
opposer
21%
outiller
21%
ovationner
21%
occuper
20%
offenser
20%
oindre
20%
outrager
20%
oxygéner
20%
obstruer
19%
ocrer
19%
offusquer
19%
opter
19%
oxyder
19%
oranger
17%
ourdir
17%
oeuvrer
15%
opprimer
15%
orienter
14%
octroyer
13%
officier
13%
ouater
13%
outre-passer
13%
outrepasser
13%
obséder
12%
oppresser
12%
optimiser
12%
objectiver
11%
officialiser
11%
ornementer
11%
obérer
10%
ourler
10%
obstiner
9%
orchestrer
9%
obliquer
8%
obscurcir
8%
opacifier
8%
ordonnancer
8%
oreiller
8%
occlure
7%
ossifier
7%
ouvrager
7%
ovaliser
6%
obturer
6%
occidentaliser
6%
ondoyer
6%
orthographier
6%
oiseler
5%
ouvrer
5%
ouiller
4%
ozoniser
4%
obvier
3%
opaliser
3%
outre-mer
3%
outremer
3%
oeilletonner
2%
outsider
2%
obombrer
1%
obvenir
1%
octavier
1%
opiacer
1%
opiler
1%
opiniâtrer
1%
ouatiner
1%
octupler
0%
optimaliser
0%
organsiner
0%
ouestir
0%
Aucun quiz correspondant
Distribution des résultats
% des personnes avec chaque résultat
Percentile par nombre de réponses
Votre historique - résultats
Vous n’avez pas pris ce quiz